1719 1707 1234 1478 1552 1915 1449 1629 1569 1162 1908 1971 1356 1446 1645 1995 1218 1158 1490 1214 1599 1587 1807 1745 1153 1331 1093 1963 1722 1022 1579 1731 1718 1249 1526 1250 1592 1173 1052 1775 1826 1267 1408 1368 1638 1497 1407 1013 1117 1332 1726 1768 1420 1717 1859 1678 1597 1603 1175 1135 1361 1030 1860 1893 1307 1619 1808 1351 1327 1700 1559 1871 1323 1161 1444 1312 1929 1573 1386 1764 1691 1726 1770 1727 1144 1283 1804 1859 1627 1627 1316 1877 1281 1031 1916 1360 1179 1105 1162 BCNSPRNW ULIB Ver.6.0+V

เปลี่ยนเป็นภาษาไทย

Change to English
 แสดงรายละเอียดบรรณานุกรม
  กลับหน้าหลัก

Brief Record : Get Marc (ISO 2709) : E-mail record : QR code < ปิดหน้าต่าง
LEADER : 00000nam 2200000uu 4500
001    13399110022
003     ULIB
008    110420s2552||||th 000 0 tha d
020    9789746185875
060  4 WG300^bค125ด 2552
110 1  โรงพยาบาลรามคำแหง
245 00 ดูแลหัวใจ...ด้วยใจ/^cวทัญญู ปรัชญานนท์,บรรณษธิการ
250    พิมพ์ครั้งที่ 1
260    กรุงเทพฯ:^bโรงพยาบาลรามคำแหง,^c2552
300    120 หน้า:^bภาพประกอบสี
650  0 โรคหัวใจ
700 0  วทัญญู ปรัชญานนท์,^eบรรณษธิการ
945    ^p190^l0^i027114
945    ^p190^l0^i027113
995    ทศพร
999 ^a ใช้งานได้ทุกระบบ
รายการนี้ยังไม่มีแท็ก
คุณยังไม่ได้ล็อกอิน คุณสามารถมีกิจกรรมร่วมกับเว็บไซต์ได้ แต่ต้องล็อกอินก่อน ::
  ล็อกอิน

รายการสื่อสารสนเทศ

ลำดับที่ ประเภท เลขเรียก/บาร์โค้ด สถานที่ สถานะ
- ไม่พบข้อมูล -

รายการใกล้เคียง
    หัวเรื่อง [โรคหัวใจ]

BibComment


ยังไม่เคยถูกคอมเมนท์

คอมเมนท์ทรัพยากรรายการนี้
  คอมเมนท์: ดูแลหัวใจด้วยใจ ว..


 Copyright 2026. Bcnsprnw @Library